[Event "Paris Blitz op"]
[Site "Paris"]
[Date "2023.03.05"]
[Round "7"]
[White "Bacrot, Alexandre"]
[Black "Msellek, Ilyass"]
[Result "1-0"]
[WhiteElo "2388"]
[BlackElo "2409"]
[PlyCount "83"]
[EventDate "2023.03.05"]
[EventType "swiss (blitz)"]
[EventRounds "11"]
[EventCountry "FRA"]
[SourceTitle "CBM 213 Extra"]
[Source "ChessBase"]
[SourceDate "2023.05.31"]
[SourceVersion "1"]
[SourceVersionDate "2023.05.31"]
[SourceQuality "1"]

1. a3 a6 2. g3 g6 3. Bg2 Bg7 4. c4 e5 5. Nc3 Ne7 6. b4 0-0 7. Bb2 c6 8. e4 d6 9. d3 f5 10. Nf3 Nd7 11. 0-0 h6 12. d4 exd4 13. Nxd4 Ne5 14. Qe2 f4 15. gxf4 Rxf4 16. Bc1 Rh4 17. Be3 c5 18. bxc5 dxc5 19. Nb3 Bh3 20. Bxh3 Rxh3 21. Kg2 Qc8 22. Rac1 Nf3 23. Qxf3 Rxf3 24. Kxf3 Nc6 25. Nd5 Qh3+ 26. Ke2 Nd4+ 27. Nxd4 cxd4 28. Bf4 d3+ 29. Kd2 Qf3 30. Rce1 Bb2 31. Re3 Qg2 32. Ree1 Bxa3 33. Kxd3 b5 34. cxb5 axb5 35. Rg1 Qf3+ 36. Re3 Qxf2 37. Rxg6+ Kh7 38. Rxh6+ Kg7 39. Rg3+ Kf7 40. Rh7+ Ke8 41. Nc7+ Kd8 42. Rg8+ 1-0

[Event "Paris Blitz op"]
[Site "Paris"]
[Date "2023.03.05"]
[Round "8"]
[White "Vlachos, Anatole"]
[Black "Bacrot, Alexandre"]
[Result "1-0"]
[WhiteElo "2446"]
[BlackElo "2388"]
[PlyCount "61"]
[EventDate "2023.03.05"]
[EventType "swiss (blitz)"]
[EventRounds "11"]
[EventCountry "FRA"]
[SourceTitle "CBM 213 Extra"]
[Source "ChessBase"]
[SourceDate "2023.05.31"]
[SourceVersion "1"]
[SourceVersionDate "2023.05.31"]
[SourceQuality "1"]

1. e4 g6 2. d4 Bg7 3. Nc3 d6 4. Nf3 a6 5. a4 b6 6. Be2 Bb7 7. 0-0 e6 8. Re1 Nf6 9. Bf1 h6 10. h3 Nbd7 11. Bf4 e5 12. dxe5 Nh5 13. Bh2 Nxe5 14. Nxe5 Bxe5 15. Qd2 Bxh2+ 16. Kxh2 Kf8 17. f4 Kg7 18. Be2 Qh4 19. Bxh5 Qxh5 20. Qd4+ f6 21. Nd5 Bxd5 22. exd5 Rae8 23. Qc4 Rhf8 24. Qxc7+ Rf7 25. Qxd6 Re2 26. Rxe2 Qxe2 27. Qxb6 Qxc2 28. Qd4 Rb7 29. Re1 Rxb2 30. Qa7+ Kf8 31. Qe7+ 1-0

[Event "PRO League Prelim"]
[Site "Chess.com INT"]
[Date "2023.02.21"]
[Round "2.1"]
[White "Bacrot, Alexandre"]
[Black "Wei, Yi"]
[Result "0-1"]
[WhiteElo "2387"]
[BlackElo "2722"]
[PlyCount "84"]
[EventDate "2023.02.14"]
[EventType "team-swiss (rapid)"]
[EventRounds "5"]
[EventCountry "USA"]
[SourceTitle "CBM 213 Extra"]
[Source "ChessBase"]
[SourceDate "2023.05.31"]
[SourceVersion "1"]
[SourceVersionDate "2023.05.31"]
[SourceQuality "1"]
[WhiteTeam "Blitz"]
[BlackTeam "Shanghai Tigers"]
[WhiteTeamCountry "FRA"]
[BlackTeamCountry "CHN"]

1. e4 c5 2. Nc3 d6 3. g3 Nf6 4. Bg2 g6 5. d3 Bg7 6. h3 Nc6 7. Be3 Rb8 8. f4 0-0 9. Nge2 Nd7 10. 0-0 b5 11. Qd2 b4 12. Nd1 a5 13. g4 a4 14. Rb1 Nd4 15. g5 Ba6 16. h4 Qc8 17. b3 f5 18. Bxd4 cxd4 19. Nf2 Nc5 20. exf5 Qxf5 21. Bh3 Qd5 22. Bg2 Qf5 23. Bh3 Qf7 24. Bg2 Bb7 25. Bxb7 Rxb7 26. Nh1 Qe6 27. Nhg3 Qg4 28. Kg2 e6 29. Rh1 e5 30. fxe5 Bxe5 31. Rbf1 Rbf7 32. Rxf7 Rxf7 33. Qe1 Rf3 34. Rf1 Re3 35. Qf2 Rxe2 36. Qxe2 Qxg3+ 37. Kh1 Qxh4+ 38. Kg1 Qxg5+ 39. Kh1 Qh6+ 40. Kg1 Qe3+ 41. Qxe3 dxe3 42. bxa4 Bc3 0-1

[Event "Cannes op 34th"]
[Site "Cannes"]
[Date "2020.02.17"]
[Round "1"]
[White "Nasuta, Grzegorz"]
[Black "Bacrot, Alexandre"]
[Result "1-0"]
[WhiteElo "2561"]
[BlackElo "2250"]
[PlyCount "45"]
[EventDate "2020.02.17"]
[EventType "swiss"]
[EventRounds "9"]
[EventCountry "FRA"]
[SourceTitle "CBM 195 Extra"]
[Source "ChessBase"]
[SourceDate "2020.05.31"]
[SourceVersion "1"]
[SourceVersionDate "2020.05.31"]
[SourceQuality "1"]

1. e4 e5 2. Nf3 Nc6 3. Bb5 a6 4. Ba4 Nge7 5. d3 g6 6. 0-0 Bg7 7. c4 0-0 8. Nc3 h6 9. Nd5 d6 10. h3 f5 11. Bd2 g5 12. Nxg5 Nxd5 13. cxd5 Nd4 14. Nf3 Nxf3+ 15. Qxf3 fxe4 16. Qxe4 Bf5 17. Qe3 Rf6 18. f4 Qe7 19. Bc3 Rg6 20. fxe5 Qg5 21. Qxg5 Rxg5 22. h4 Rh5 23. Bd1 1-0

[Event "EU-ch U16"]
[Site "Bratislava"]
[Date "2019.08.07"]
[Round "6"]
[White "Bacrot, Alexandre"]
[Black "Kasioumis, Vasilios"]
[Result "0-1"]
[WhiteElo "2272"]
[BlackElo "2101"]
[PlyCount "110"]
[EventDate "2019.08.02"]
[EventType "swiss"]
[EventRounds "9"]
[EventCountry "SVK"]
[SourceTitle "CBM 191 Extra"]
[Source "ChessBase"]
[SourceDate "2019.09.30"]
[SourceVersion "1"]
[SourceVersionDate "2019.09.30"]
[SourceQuality "1"]

1. e4 c5 2. Nf3 e6 3. d3 Nc6 4. g3 d5 5. Nbd2 Nf6 6. Bg2 Be7 7. 0-0 b6 8. e5 Nd7 9. Re1 Bb7 10. c3 Qc7 11. Qe2 b5 12. Nf1 a5 13. h4 h6 14. Bf4 a4 15. N1h2 Qa5 16. Rac1 c4 17. dxc4 bxc4 18. a3 Nc5 19. Red1 Nd3 20. Rxd3 cxd3 21. Qxd3 Ba6 22. Qc2 Rc8 23. h5 Bc4 24. Nd2 Qb5 25. Nxc4 Qxc4 26. Qd2 Na5 27. Bf1 Qb3 28. Rc2 Nc4 29. Qc1 Rb8 30. Nf3 Bc5 31. Nd2 Nxd2 32. Rxd2 Ke7 33. Qe1 Rhd8 34. Be3 Qb6 35. Bxc5+ Qxc5 36. Qd1 Qc6 37. Qf3 Rb6 38. Qd3 Qc7 39. Re2 Qc4 40. Qe3 Rdb8 41. Rd2 Qc6 42. Qe2 Kf8 43. Qd3 Kg8 44. Qe2 Qb7 45. Rd4 Rxb2 46. Qe3 Rb1 47. Kg2 Ra1 48. Bd3 Qb3 49. Qf3 Qxa3 50. Bc2 Qc1 51. Rd1 Qxc2 52. Rxa1 Rb1 53. Rxb1 Qxb1 54. c4 Qe4 55. c5 Kf8 0-1

[Event "EU-ch U16"]
[Site "Bratislava"]
[Date "2019.08.05"]
[Round "4"]
[White "Bacrot, Alexandre"]
[Black "Globus, Or"]
[Result "0-1"]
[WhiteElo "2272"]
[BlackElo "2354"]
[PlyCount "76"]
[EventDate "2019.08.02"]
[EventType "swiss"]
[EventRounds "9"]
[EventCountry "SVK"]
[SourceTitle "CBM 191 Extra"]
[Source "ChessBase"]
[SourceDate "2019.09.30"]
[SourceVersion "1"]
[SourceVersionDate "2019.09.30"]
[SourceQuality "1"]

1. d4 Nf6 2. Nf3 g6 3. Nbd2 Bg7 4. e4 0-0 5. e5 Nh5 6. g4 Nf4 7. Ne4 d5 8. Ng3 Ne6 9. Nf5 c5 10. Nxg7 Nxg7 11. Rg1 Nc6 12. Qd2 cxd4 13. Qh6 f6 14. Bf4 Ne6 15. exf6 Rxf6 16. Ng5 Nxg5 17. Bxg5 Re6+ 18. Kd1 Qb6 19. Rg3 Qxb2 20. Rc1 d3 21. Bxd3 Qg7 22. Qh4 Ne5 23. f4 Nxd3 24. Rxd3 Bd7 25. Bh6 Qf7 26. Rb1 Rb6 27. Rxb6 axb6 28. Re3 Re8 29. Bg5 d4 30. Rxe7 Rxe7 31. Bxe7 Qxf4 32. h3 Qf1+ 33. Kd2 Qg2+ 34. Kd3 Bb5+ 35. Kxd4 Qd2+ 36. Ke5 Qe3+ 37. Kd6 Qc5+ 38. Ke6 Bc4+ 0-1

[Event "PRO League Stage"]
[Site "Chess.com INT"]
[Date "2019.01.08"]
[Round "1"]
[White "Klein, David"]
[Black "Bacrot, Alexandre"]
[Result "1-0"]
[WhiteElo "2492"]
[BlackElo "2257"]
[PlyCount "77"]
[EventDate "2019.01.08"]
[EventType "team-swiss (rapid)"]
[EventRounds "10"]
[EventCountry "USA"]
[SourceTitle "CBM 188 Extra"]
[Source "ChessBase"]
[SourceDate "2019.02.26"]
[SourceVersion "1"]
[SourceVersionDate "2019.02.26"]
[SourceQuality "1"]
[WhiteTeam "Amsterdam Mosquitoes"]
[BlackTeam "Marseille Migraines"]
[WhiteTeamCountry "NED"]
[BlackTeamCountry "FRA"]

1. e4 e5 2. Nf3 Nc6 3. Bb5 a6 4. Ba4 Nge7 5. d4 exd4 6. Bb3 Na5 7. Qxd4 Nxb3 8. axb3 d6 9. Bg5 f6 10. Bh4 Bg4 11. Nbd2 Nc6 12. Qe3 Nb4 13. Qc3 c5 14. 0-0 Qc7 15. h3 Bd7 16. Nc4 Be7 17. Rad1 0-0-0 18. e5 dxe5 19. Ncxe5 Be6 20. Nc4 Rxd1 21. Rxd1 Rd8 22. Re1 Bxc4 23. Qxc4 Bd6 24. c3 Nd3 25. Re2 Ne5 26. Qe6+ Kb8 27. Nxe5 Bxe5 28. Rxe5 fxe5 29. Bxd8 Qxd8 30. Qxe5+ Qc7 31. Qxc7+ Kxc7 32. f4 Kc6 33. Kf2 b5 34. Ke3 Kd5 35. Kd3 c4+ 36. bxc4+ bxc4+ 37. Ke3 a5 38. g4 g6 39. f5 1-0

[Event "PRO League Stage"]
[Site "Chess.com INT"]
[Date "2017.02.15"]
[Round "6"]
[White "Blomqvist, Erik"]
[Black "Bacrot, Alexandre"]
[Result "1-0"]
[WhiteElo "2574"]
[BlackElo "2099"]
[PlyCount "77"]
[EventDate "2017.01.11"]
[EventType "team-swiss (rapid)"]
[EventRounds "7"]
[EventCountry "USA"]
[SourceTitle "CBM 176 Extra"]
[Source "ChessBase"]
[SourceDate "2017.03.02"]
[SourceVersion "1"]
[SourceVersionDate "2017.03.02"]
[SourceQuality "1"]
[WhiteTeam "Stockholm Snowballs"]
[BlackTeam "Marseille Migraines"]
[WhiteTeamCountry "SWE"]
[BlackTeamCountry "FRA"]

1. e4 c5 2. Nf3 d6 3. d4 cxd4 4. Nxd4 Nf6 5. Nc3 a6 6. g3 e6 7. Bg2 Be7 8. 0-0 0-0 9. Be3 Nc6 10. f4 Bd7 11. Nb3 Rc8 12. g4 Na5 13. g5 Ne8 14. Qh5 Nc4 15. Rf3 Nxe3 16. Rxe3 b5 17. Rh3 h6 18. gxh6 g6 19. h7+ Kh8 20. Qe2 Qb6+ 21. Kh1 e5 22. Nd5 Qd8 23. Rf1 Bxh3 24. Bxh3 Rb8 25. f5 gxf5 26. Rxf5 Nf6 27. Nd2 Nxd5 28. exd5 Qb6 29. Ne4 Qd4 30. Bg2 Qxb2 31. Ng3 Rbc8 32. Be4 Qc1+ 33. Rf1 Qg5 34. Nf5 Rc4 35. Rg1 Qf6 36. Qg4 Qg5 37. Nxe7 Qxg4 38. Rxg4 f5 39. Ng6+ 1-0

[Event "PRO League Central"]
[Site "Chess.com INT"]
[Date "2017.01.25"]
[Round "3"]
[White "Bacrot, Alexandre"]
[Black "Klein, David"]
[Result "0-1"]
[WhiteElo "2099"]
[BlackElo "2509"]
[PlyCount "76"]
[EventDate "2017.01.11"]
[EventType "team-swiss (rapid)"]
[EventRounds "7"]
[EventCountry "USA"]
[SourceTitle "CBM 176 Extra"]
[Source "ChessBase"]
[SourceDate "2017.03.02"]
[SourceVersion "1"]
[SourceVersionDate "2017.03.02"]
[SourceQuality "1"]
[WhiteTeam "Marseille Migraines"]
[BlackTeam "Amsterdam Mosquitos"]
[WhiteTeamCountry "FRA"]
[BlackTeamCountry "NED"]

1. e4 Nf6 2. e5 Ng8 3. Nf3 d6 4. d4 Bf5 5. Nc3 e6 6. Be3 Ne7 7. Be2 h6 8. exd6 cxd6 9. 0-0 d5 10. Ne5 Nbc6 11. Bb5 a6 12. Bxc6+ Nxc6 13. Nxc6 bxc6 14. Na4 Bd6 15. Rc1 Qh4 16. f4 0-0 17. b3 Ba3 18. Rb1 Qf6 19. Nb6 Ra7 20. Qd2 Qg6 21. b4 a5 22. bxa5 Bxc2 23. Rbc1 Bxc1 24. Rxc1 Be4 25. Rxc6 Ra6 26. Rc5 Rb8 27. h3 Kh7 28. Kh2 Bb1 29. Nd7 Rd8 30. Ne5 Qf5 31. Qc3 f6 32. Nc6 Rda8 33. Qb2 Be4 34. Qb7 Qg6 35. g3 Bf3 36. Qb2 Qd3 37. Bf2 Be4 38. Rc3 Qf1 0-1